[Event "Pardubice Czech op-A 34th"]
[Site "Pardubice"]
[Date "2023.07.21"]
[Round "1"]
[White "Ret, Adam Josef"]
[Black "Baum, Jonasz"]
[Result "0-1"]
[WhiteElo "2123"]
[BlackElo "2420"]
[PlyCount "50"]
[EventDate "2023.07.21"]
[EventType "swiss"]
[EventRounds "9"]
[EventCountry "CZE"]
[SourceTitle "CBM 215 Extra"]
[Source "ChessBase"]
[SourceDate "2023.09.30"]
[SourceVersion "1"]
[SourceVersionDate "2023.09.30"]
[SourceQuality "1"]

1. c4 e5 2. g3 c6 3. d4 e4 4. Bg2 d5 5. Nc3 Bb4 6. a3 Bxc3+ 7. bxc3 Nf6 8. Bg5 Nbd7 9. Nh3 0-0 10. 0-0 h6 11. Bxf6 Nxf6 12. c5 Bf5 13. f3 Re8 14. Re1 b6 15. cxb6 axb6 16. Nf2 Ra6 17. Qb3 b5 18. g4 Bh7 19. Ra2 Ra4 20. Kf1 Qd6 21. Kg1 exf3 22. Bxf3 Qf4 23. Kg2 Re3 24. Nd1 Nxg4 25. Nxe3 Qxh2+ 0-1

[Event "Teplice op"]
[Site "Teplice"]
[Date "2023.06.13"]
[Round "4"]
[White "Grabinsky, Aaron"]
[Black "Ret, Adam Josef"]
[Result "1-0"]
[WhiteElo "2407"]
[BlackElo "2133"]
[PlyCount "69"]
[EventDate "2023.06.10"]
[EventType "swiss"]
[EventRounds "9"]
[EventCountry "CZE"]
[SourceTitle "CBM 214 Extra"]
[Source "ChessBase"]
[SourceDate "2023.07.31"]
[SourceVersion "1"]
[SourceVersionDate "2023.07.31"]
[SourceQuality "1"]

1. e4 c5 2. Nf3 Nc6 3. Bb5 g6 4. Bxc6 bxc6 5. 0-0 Bg7 6. c3 Nh6 7. h3 0-0 8. d4 cxd4 9. cxd4 d5 10. e5 f6 11. Re1 fxe5 12. Nxe5 Qb6 13. Bxh6 Bxh6 14. b3 c5 15. Nc3 cxd4 16. Na4 Qd6 17. Qxd4 Bg7 18. Rad1 e6 19. f4 a5 20. g3 Rb8 21. Rc1 g5 22. Qe3 gxf4 23. gxf4 Bh6 24. Rf1 d4 25. Qg3+ Kh8 26. Qh4 Ba6 27. Qxh6 Bxf1 28. Ng6+ Kg8 29. Nxf8 Rxf8 30. Rxf1 Rf7 31. Kh2 d3 32. Qg5+ Rg7 33. Qc5 Qd8 34. Qe3 d2 35. Rd1 1-0

[Event "CZE-chT2C 2223"]
[Site "Czech Republic"]
[Date "2023.03.26"]
[Round "11.4"]
[White "Nadrchal, Tomas"]
[Black "Ret, Adam Josef"]
[Result "0-1"]
[WhiteElo "2071"]
[BlackElo "2059"]
[PlyCount "92"]
[EventDate "2022.10.16"]
[EventType "team-tourn"]
[EventRounds "11"]
[EventCountry "CZE"]
[SourceTitle "EXT 2024"]
[Source "ChessBase"]
[SourceDate "2023.10.10"]
[SourceVersion "1"]
[SourceVersionDate "2023.10.10"]
[SourceQuality "1"]
[WhiteTeam "Neratovice II"]
[BlackTeam "Jicin"]
[WhiteTeamCountry "CZE"]
[BlackTeamCountry "CZE"]

1. e4 c5 2. Nf3 Nc6 3. d4 cxd4 4. Nxd4 Nf6 5. Nc3 e5 6. Ndb5 d6 7. Be3 a6 8. Na3 b5 9. Nd5 Nxd5 10. exd5 Ne7 11. c4 Bb7 12. cxb5 Nxd5 13. bxa6 Nxe3 14. Qa4+ Ke7 15. fxe3 Bxa6 16. Bxa6 Qb6 17. Qh4+ g5 18. Qc4 Rxa6 19. 0-0 f6 20. Rxf6 Kxf6 21. Rf1+ Ke7 22. Qf7+ Kd8 23. Qf6+ Kd7 24. Qxh8 Qxe3+ 25. Kh1 Be7 26. Qxh7 Rc6 27. Qf5+ Kd8 28. h3 Qe2 29. Qf3 Qxf3 30. gxf3 d5 31. Kg2 Bxa3 32. bxa3 Ke7 33. Kg3 Kf6 34. Rb1 Kf5 35. a4 Rc4 36. Rb5 d4 37. a5 Ra4 38. Rb8 Rxa5 39. Rf8+ Ke6 40. h4 gxh4+ 41. Kxh4 d3 42. Rb8 d2 43. Rb1 Kd5 44. Kg3 Kd4 45. Kf2 Kd3 46. Ra1 Rc5 0-1

[Event "Hradec Kralove Region-chT 2223"]
[Site "Czech Republic"]
[Date "2023.03.19"]
[Round "10.1"]
[White "Prazak, Matous"]
[Black "Ret, Adam Josef"]
[Result "1/2-1/2"]
[WhiteElo "1921"]
[BlackElo "2089"]
[PlyCount "104"]
[EventDate "2022.10.09"]
[EventType "team-tourn"]
[EventRounds "11"]
[EventCountry "CZE"]
[SourceTitle "EXT 2024"]
[Source "ChessBase"]
[SourceDate "2023.10.10"]
[SourceVersion "1"]
[SourceVersionDate "2023.10.10"]
[SourceQuality "1"]

1. c4 e6 2. Nf3 d5 3. e3 c5 4. cxd5 exd5 5. d4 Nc6 6. Nc3 Nf6 7. Be2 Bd6 8. 0-0 0-0 9. Nb5 Be7 10. dxc5 Bxc5 11. b3 a6 12. Nbd4 Ne4 13. Bb2 Qe7 14. a3 Bd7 15. b4 Bb6 16. Rc1 Rfd8 17. Re1 Qd6 18. b5 Nxd4 19. Nxd4 axb5 20. Nxb5 Bxb5 21. Bxb5 Bc7 22. g3 Bb6 23. Qg4 f6 24. Red1 Qe7 25. Rc2 Kh8 26. Qf5 Nd6 27. Qd3 Ra5 28. a4 Nxb5 29. axb5 Qd7 30. Bd4 Rxb5 31. Bxb6 Rxb6 32. Qxd5 Rb1 33. Qxd7 Rxd1+ 34. Qxd1 Rxd1+ 35. Kg2 h6 36. Rb2 Rd7 37. e4 Kg8 38. f4 Kf7 39. g4 Ke7 40. h4 Kd6 41. Kf3 Kc5 42. Rc2+ Kb4 43. Rb2+ Kc3 44. Rb6 Kc4 45. e5 Kc5 46. Rb1 fxe5 47. fxe5 b5 48. Ke4 Rd2 49. Kf5 Re2 50. Kg6 Rxe5 51. Kxg7 Re6 52. g5 hxg5 1/2-1/2

[Event "Hradec Kralove Region-chT 2223"]
[Site "Czech Republic"]
[Date "2023.01.29"]
[Round "7.2"]
[White "Kracik, Martin"]
[Black "Ret, Adam Josef"]
[Result "1/2-1/2"]
[WhiteElo "1727"]
[BlackElo "2107"]
[PlyCount "49"]
[EventDate "2022.10.09"]
[EventType "team-tourn"]
[EventRounds "11"]
[EventCountry "CZE"]
[SourceTitle "EXT 2024"]
[Source "ChessBase"]
[SourceDate "2023.10.10"]
[SourceVersion "1"]
[SourceVersionDate "2023.10.10"]
[SourceQuality "1"]

1. e4 c5 2. Nf3 Nc6 3. d4 cxd4 4. Nxd4 Nf6 5. Nc3 e5 6. Ndb5 d6 7. Nd5 Nxd5 8. exd5 Nb8 9. c4 Nd7 10. Be3 a6 11. Nc3 Be7 12. Bd3 0-0 13. 0-0 f5 14. f3 f4 15. Bf2 Nf6 16. Ne4 Qe8 17. g4 fxg3 18. Bxg3 b6 19. Nxf6+ gxf6 20. f4 Kh8 21. Re1 Bh3 22. Kh1 Bd8 23. b4 Rb8 24. Rb1 Bc7 25. Re3 1/2-1/2

[Event "CZE-chT2C 2223"]
[Site "Czech Republic"]
[Date "2023.01.22"]
[Round "7.4"]
[White "Pauch, Jan"]
[Black "Ret, Adam Josef"]
[Result "0-1"]
[WhiteElo "2039"]
[BlackElo "2059"]
[PlyCount "58"]
[EventDate "2022.10.16"]
[EventType "team-tourn"]
[EventRounds "11"]
[EventCountry "CZE"]
[SourceTitle "EXT 2024"]
[Source "ChessBase"]
[SourceDate "2023.10.10"]
[SourceVersion "1"]
[SourceVersionDate "2023.10.10"]
[SourceQuality "1"]
[WhiteTeam "Lysa nad Labem"]
[BlackTeam "Jicin"]
[WhiteTeamCountry "CZE"]
[BlackTeamCountry "CZE"]

1. e4 c5 2. Nc3 Nc6 3. f4 g6 4. Nf3 Bg7 5. Bb5 Nd4 6. 0-0 e6 7. d3 a6 8. Ba4 Ne7 9. f5 gxf5 10. Bg5 h6 11. Be3 b5 12. Bb3 Bb7 13. Qd2 Qb6 14. Qf2 0-0-0 15. a4 fxe4 16. dxe4 d6 17. Rfd1 Nxb3 18. cxb3 b4 19. a5 Qc6 20. Na4 Qxe4 21. Bxc5 dxc5 22. Qxc5+ Nc6 23. Qb6 Rxd1+ 24. Rxd1 Rd8 25. Rxd8+ Nxd8 26. Qd6 Qb1+ 27. Kf2 Qc2+ 28. Kg3 Bxf3 29. gxf3 Qc7 0-1

[Event "Hradec Kralove Region-chT 2223"]
[Site "Czech Republic"]
[Date "2022.12.11"]
[Round "5.2"]
[White "Jezbera, Jiri"]
[Black "Ret, Adam Josef"]
[Result "0-1"]
[WhiteElo "2082"]
[BlackElo "2081"]
[PlyCount "44"]
[EventDate "2022.10.09"]
[EventType "team-tourn"]
[EventRounds "11"]
[EventCountry "CZE"]
[SourceTitle "EXT 2024"]
[Source "ChessBase"]
[SourceDate "2023.10.10"]
[SourceVersion "1"]
[SourceVersionDate "2023.10.10"]
[SourceQuality "1"]

1. e4 c5 2. Nc3 Nc6 3. f4 e6 4. Bc4 Nge7 5. e5 d5 6. exd6 Qxd6 7. d3 Nd5 8. Nge2 Nxc3 9. Nxc3 Be7 10. 0-0 0-0 11. a4 b6 12. Ne4 Qd4+ 13. Kh1 Na5 14. c3 Qd7 15. Ba2 Rd8 16. Rf3 Ba6 17. Nf2 Bb7 18. Re3 Qc6 19. Qg4 c4 20. Bxc4 Nxc4 21. dxc4 h5 22. Qg3 Bh4 0-1

[Event "Pardubice Czech op-A 33rd"]
[Site "Pardubice"]
[Date "2022.07.24"]
[Round "3"]
[White "Ret, Adam Josef"]
[Black "Hansch, Karsten"]
[Result "0-1"]
[WhiteElo "2023"]
[BlackElo "2320"]
[PlyCount "60"]
[EventDate "2022.07.22"]
[EventType "swiss"]
[EventRounds "9"]
[EventCountry "CZE"]
[SourceTitle "CBM 209 Extra"]
[Source "ChessBase"]
[SourceDate "2022.09.30"]
[SourceVersion "1"]
[SourceVersionDate "2022.09.30"]
[SourceQuality "1"]

1. d4 d5 2. c4 e6 3. Nc3 c6 4. cxd5 exd5 5. Qc2 Bd6 6. h3 h6 7. Nf3 Nf6 8. e3 0-0 9. Bd3 Re8 10. 0-0 Qe7 11. Nd2 Nbd7 12. a3 Nf8 13. b4 a6 14. Bb2 Ne6 15. Nf3 Ng5 16. Qe2 a5 17. b5 Nfe4 18. Nxg5 Qxg5 19. Bxe4 dxe4 20. f4 exf3 21. Rxf3 c5 22. d5 Bf5 23. Raf1 Bg6 24. Qf2 Be5 25. Rd1 Rad8 26. a4 b6 27. Qd2 Bxc3 28. Qxc3 Be4 29. Rf2 Rxd5 30. Rdf1 f6 0-1

[Event "Pardubice rapid op 33rd"]
[Site "Pardubice"]
[Date "2022.07.21"]
[Round "4"]
[White "Ret, Adam Josef"]
[Black "Rakhmangulova, Iulia"]
[Result "1-0"]
[WhiteElo "2023"]
[BlackElo "1904"]
[PlyCount "115"]
[EventDate "2022.07.20"]
[EventType "swiss (rapid)"]
[EventRounds "9"]
[EventCountry "CZE"]
[SourceTitle "CBM 209 Extra"]
[Source "ChessBase"]
[SourceDate "2022.09.30"]
[SourceVersion "1"]
[SourceVersionDate "2022.09.30"]
[SourceQuality "1"]

1. d4 Nf6 2. Nf3 g6 3. b3 Bg7 4. Bb2 0-0 5. e3 d5 6. Bd3 c6 7. c4 Bg4 8. h3 Bxf3 9. Qxf3 Nbd7 10. Nd2 Re8 11. cxd5 cxd5 12. Qe2 Rc8 13. 0-0 a6 14. Rac1 Qa5 15. a3 e6 16. Bc2 Bf8 17. b4 Qb6 18. Nb3 Bg7 19. Bd3 Qd6 20. Na5 b5 21. Qd2 Nb6 22. Nb7 Qb8 23. Nc5 Qa7 24. Rfd1 Nc4 25. Bxc4 dxc4 26. a4 Nd7 27. axb5 Nxc5 28. dxc5 axb5 29. Bxg7 Kxg7 30. Ra1 Qc7 31. Qd7 Qxd7 32. Rxd7 Red8 33. Rad1 Rxd7 34. Rxd7 Rb8 35. Kf1 Kf6 36. Ke2 e5 37. Kd2 Ke6 38. Rd6+ Ke7 39. Kc3 h5 40. e4 f6 41. Ra6 Rb7 42. c6 Rc7 43. Rb6 Kd6 44. Rxb5 Rxc6 45. Rd5+ Ke6 46. Rc5 Ra6 47. Rxc4 Ra2 48. b5 Ra1 49. Kb4 Kd7 50. b6 Rb1+ 51. Ka5 Ra1+ 52. Kb5 Ra2 53. b7 Rb2+ 54. Ka6 Ra2+ 55. Kb5 Rb2+ 56. Rb4 Rxb4+ 57. Kxb4 Kc7 58. Kc5 1-0

[Event "Pardubice rapid op 33rd"]
[Site "Pardubice"]
[Date "2022.07.20"]
[Round "3"]
[White "Ni, Polina"]
[Black "Ret, Adam Josef"]
[Result "0-1"]
[WhiteElo "1871"]
[BlackElo "2023"]
[PlyCount "86"]
[EventDate "2022.07.20"]
[EventType "swiss (rapid)"]
[EventRounds "9"]
[EventCountry "CZE"]
[SourceTitle "CBM 209 Extra"]
[Source "ChessBase"]
[SourceDate "2022.09.30"]
[SourceVersion "1"]
[SourceVersionDate "2022.09.30"]
[SourceQuality "1"]

1. e4 d6 2. d4 Nf6 3. Nc3 Nbd7 4. f4 e5 5. f5 h5 6. Nf3 Be7 7. Be3 c6 8. Bc4 b5 9. Bb3 b4 10. Ng5 Rf8 11. Ne2 Ng4 12. Bxf7+ Rxf7 13. Nxf7 Kxf7 14. Qd3 Ba6 15. Qxa6 Nxe3 16. Qd3 Nxg2+ 17. Kf2 Nh4 18. Qc4+ Kf8 19. Rhg1 Nf6 20. Ng3 Ng4+ 21. Ke2 Qe8 22. Qe6 Nxh2 23. f6 Bxf6 24. Qxd6+ Qe7 25. Qxc6 Rd8 26. d5 N2f3 27. Rad1 Nxg1+ 28. Rxg1 Qd6 29. Qb7 Qb6 30. Qxb6 axb6 31. Nxh5 Kf7 32. a3 bxa3 33. bxa3 Ra8 34. Rg3 Ng6 35. Rb3 Bd8 36. c4 Nf8 37. Ng3 g6 38. Kd3 Nd7 39. Ke3 Be7 40. a4 Rxa4 41. Rc3 Bc5+ 42. Kd3 Bd4 43. Rc1 Ra3+ 0-1

[Event "CZE-ch"]
[Site "Usti nad Labem"]
[Date "2022.05.19"]
[Round "6"]
[White "Bartos, Jan"]
[Black "Ret, Adam Josef"]
[Result "1/2-1/2"]
[WhiteElo "2125"]
[BlackElo "2093"]
[PlyCount "74"]
[EventDate "2022.05.14"]
[EventType "swiss"]
[EventRounds "9"]
[EventCountry "CZE"]
[SourceTitle "CBM 208 Extra"]
[Source "ChessBase"]
[SourceDate "2022.07.31"]
[SourceVersion "1"]
[SourceVersionDate "2022.07.31"]
[SourceQuality "1"]

1. d4 d5 2. c4 e6 3. Nf3 Nf6 4. g3 dxc4 5. Bg2 a6 6. Ne5 c5 7. Be3 Nd5 8. 0-0 Bd6 9. Nxc4 Nxe3 10. Nxd6+ Qxd6 11. fxe3 Nd7 12. Nc3 0-0 13. Ne4 Qe7 14. Rc1 cxd4 15. Qxd4 f5 16. Qd6 Qe8 17. Nc5 Nxc5 18. Rxc5 Qd8 19. Rd1 Qxd6 20. Rxd6 Rb8 21. Kf2 Kf7 22. Rc7+ Kf6 23. Ke1 Re8 24. b4 Re7 25. Rxe7 Kxe7 26. Rb6 Kd7 27. a4 Kc7 28. a5 Bd7 29. Kd2 Bc6 30. Bxc6 bxc6 31. Rxa6 Rxb4 32. Ra7+ Kd6 33. Rxg7 Ra4 34. Rxh7 Rxa5 35. e4 Ra2+ 36. Ke3 Ra3+ 37. Kf4 Ra4 1/2-1/2

[Event "CZE-ch"]
[Site "Usti nad Labem"]
[Date "2022.05.15"]
[Round "2"]
[White "Freisler, Pavel"]
[Black "Ret, Adam Josef"]
[Result "1/2-1/2"]
[WhiteElo "2239"]
[BlackElo "2093"]
[PlyCount "104"]
[EventDate "2022.05.14"]
[EventType "swiss"]
[EventRounds "9"]
[EventCountry "CZE"]
[SourceTitle "CBM 208 Extra"]
[Source "ChessBase"]
[SourceDate "2022.07.31"]
[SourceVersion "1"]
[SourceVersionDate "2022.07.31"]
[SourceQuality "1"]

1. d4 e6 2. Nf3 d5 3. c4 Nf6 4. g3 Be7 5. Bg2 0-0 6. 0-0 dxc4 7. Qc2 a6 8. a4 b6 9. Ne5 Nd5 10. Qxc4 Bb7 11. Nc3 Ra7 12. e4 Nxc3 13. bxc3 a5 14. Rd1 Ba6 15. Qb3 Bb7 16. Be3 Nd7 17. Nxd7 Qxd7 18. c4 Bb4 19. d5 e5 20. c5 bxc5 21. Rac1 Qd6 22. Qc2 Bc8 23. Bxc5 Bxc5 24. Qxc5 Qxc5 25. Rxc5 Bd7 26. Rdc1 Bxa4 27. Rxc7 Rxc7 28. Rxc7 Ra8 29. d6 Kf8 30. Bh3 Rd8 31. Rc5 Rxd6 32. Rxa5 Bc2 33. Rxe5 Rd4 34. f3 Rd1+ 35. Kf2 Rd2+ 36. Ke3 Rxh2 37. Bd7 g6 38. Rb5 Bd1 39. Bc6 Ra2 40. Bd5 Ra7 41. Rb1 Ra3+ 42. Kd4 Bxf3 43. Rb7 f5 44. Ke5 Bxe4 45. Bxe4 fxe4 46. Kxe4 Kg8 47. g4 Ra1 48. Kf4 Rf1+ 49. Kg5 Rf7 50. Rxf7 Kxf7 51. Kh6 Kg8 52. g5 Kh8 1/2-1/2

[Event "Pardubice Czech op-A 32nd"]
[Site "Pardubice"]
[Date "2021.07.28"]
[Round "6"]
[White "Ret, Adam Josef"]
[Black "Lorscheid, Gerhard"]
[Result "1/2-1/2"]
[WhiteElo "2069"]
[BlackElo "2191"]
[PlyCount "29"]
[EventDate "2021.07.23"]
[EventType "swiss"]
[EventRounds "9"]
[EventCountry "CZE"]
[SourceTitle "EXT 2022"]
[Source "ChessBase"]
[SourceDate "2021.10.06"]
[SourceVersion "1"]
[SourceVersionDate "2021.10.06"]
[SourceQuality "1"]

1. d4 d6 2. c4 Nf6 3. Nc3 Nbd7 4. e4 e5 5. Nge2 g6 6. g3 Bg7 7. Bg2 0-0 8. 0-0 c6 9. h3 a6 10. a4 a5 11. Be3 Re8 12. Qc2 Qe7 13. Rfe1 exd4 14. Nxd4 Nc5 15. Rad1 1/2-1/2

[Event "Pardubice op rapid 32nd"]
[Site "Pardubice"]
[Date "2021.07.22"]
[Round "6"]
[White "Bures, Vit"]
[Black "Ret, Adam Josef"]
[Result "1/2-1/2"]
[WhiteElo "2144"]
[BlackElo "2069"]
[PlyCount "82"]
[EventDate "2021.07.21"]
[EventType "swiss (rapid)"]
[EventRounds "9"]
[EventCountry "CZE"]
[SourceTitle "CBM 203 Extra"]
[Source "ChessBase"]
[SourceDate "2021.09.30"]
[SourceVersion "1"]
[SourceVersionDate "2021.09.30"]
[SourceQuality "1"]

1. d4 d5 2. c4 e6 3. Nc3 c5 4. cxd5 exd5 5. Nf3 Nc6 6. g3 Nf6 7. Bg2 cxd4 8. Nxd4 Bc5 9. Nb3 Bb6 10. 0-0 0-0 11. Bg5 d4 12. Nd5 Qd6 13. Bxf6 gxf6 14. Qd2 Bf5 15. Qh6 Bg6 16. Rfd1 Rfe8 17. e3 d3 18. Rac1 Ne5 19. Qf4 Kg7 20. Nd4 Rad8 21. Nf5+ Bxf5 22. Qxf5 Qe6 23. Qxe6 Rxe6 24. Nf4 Red6 25. Bxb7 f5 26. Kg2 Ng4 27. h3 Ne5 28. b4 Kf6 29. a4 Rb8 30. Bd5 Rbd8 31. a5 Bxa5 32. bxa5 Rxd5 33. Nxd5+ Rxd5 34. f4 Nd7 35. Rc7 Nc5 36. Rxa7 Ne4 37. g4 Nc3 38. Rd2 Ne4 39. Rd1 Nc3 40. Rd2 Ne4 41. Rd1 d2 1/2-1/2